000 00914namaa2200289 cb4500
001 BV005305351
003 DE-70
005 20260416172033.0
006 m|||| o||u| ||||||
007 tu
007 7
008 920527s1980 a||| |||| 00||| und d
020 _a9780691280035
_9978-0-691-28003-5
024 _a9780691280035
_a978-0-691-28003-5
040 _cRU-10907106
041 _aeng
100 _aHussein, Mostafa
_4aut
_969052
245 _aHebrew Orientalism
_bJewish Engagement with Arabo-Islamic Culture in Late Ottoman and British Palestine
264 _aPrinceton
_bPrinceton University Press
_c2025
300 _a352 Seiten
336 _2rdacontent
_aText
_btxt
337 _2rdamedia
_aComputermedien
_bbc
338 _2rdacarrier
_aOnline Ressource
_bcr
500 _aE-Book / Zugriff nur im Lesesaal
856 _zVolltext
_uhttp://www.degruyterbrill.com/isbn/9780691280035
942 _cEB
_2z
999 _c74081
_d74081